Le kell vonnunk a tanulságot A. Nagy László, az MPP elnöke a Magyar Koalíció és Szlovák Demokratikus Koalíció együttműködéséről

Bibliographic Details
Main Authors: Nagy, László A., 1948- (Author), Horváth, Gabriella, 1966- (Author)
Format: Article
Language:Hungarian
PhysicalDescription:Fotogr. 2
Subjects:

MARC

LEADER 00000nab a2200000 a 4500
001 vtls000635998
003 SK-MaSNL
005 20260318133001.0
008 160401c1997 xo 0 hun
015 |a SNBRB19rr/mm-uuuuu 
035 |a CL0636137 
040 |a SNKBUCL  |b slo  |c SNKBUCL  |e AACR2 
041 0 |a hun 
044 |a xo  |c SK 
080 |a 329(437.6=945.11):329.052(437.6)SDK  |2 1981 
080 |a 329.052(437.6)SDK  |2 1981 
100 1 |a Nagy, László A.,  |d 1948-  |4 aut  |9 840953 
245 1 0 |a Le kell vonnunk a tanulságot  |b A. Nagy László, az MPP elnöke a Magyar Koalíció és Szlovák Demokratikus Koalíció együttműködéséről  |c László A. Nagy, Gabriella Horváth 
300 |b Fotogr. 2 
610 2 7 |a Slovenská demokratická koalícia (politická strana)  |2 snkbucl  |9 38262 
650 0 7 |a Maďarská koalícia  |2 snkbucl  |9 893922 
655 7 |a články z novín a časopisov  |2 snkbucl  |9 267496 
700 1 |a Horváth, Gabriella,  |d 1966-  |4 aut  |9 222622 
773 0 |t Új szó  |g Roč. 50, č. 207 (9. 9. 1997), s. 5 
850 |a Slovenská národná knižnica v Martine  |a DSG001 
852 |a SNK  |b KIS3GCP 
958 |a HU 
958 |a SK 
958 |a RK 
958 |a RBX 
999 |c 2172467  |d 2174397